|
|
|
|
| LEADER |
00655nam a2200253 a 4500 |
| 001 |
adlib96000001 |
| 003 |
ViArRB |
| 005 |
20151026131656.0 |
| 008 |
960221s1955 dcuabcdjdbkoqu001 0deng d |
| 020 |
|
|
|
| 022 |
|
|
|
| 040 |
|
|
|a Adlib
|
| 082 |
|
|
|a 323.27
|
| 245 |
|
|
|a Adhunikayugattile Viplavannal
|
| 250 |
|
|
|
| 260 |
|
|
|a Trivandrum
|b State Institute of Languages
|c 1972
|
| 300 |
|
|
|a 341p.
|
| 500 |
|
|
|a
|
| 100 |
|
|
|a Vijayan, N
|
| 700 |
|
|
|
| 942 |
|
|
|c BK
|6 _
|
| 653 |
|
|
|a Kerala - Politics and Government
|
| 999 |
|
|
|c 32737
|d 32737
|
| 952 |
|
|
|0 0
|1 0
|4 0
|6 32327_MVIJ
|7 0
|9 44383
|a UL
|b UL
|d 2010-06-16
|o 323.27 = M VIJ
|p H0005449
|r 2010-06-16
|w 2010-06-16
|y BK
|